Normal view MARC view
  • Sharma.S.C

Entry Personal Name

Number of records used in: 1

001 - CONTROL NUMBER

  • control field: 2895

003 - CONTROL NUMBER IDENTIFIER

  • control field: OSt

005 - DATE AND TIME OF LATEST TRANSACTION

  • control field: 20170216135231.0

008 - FIXED-LENGTH DATA ELEMENTS

  • fixed length control field: 170216|| aca||aabn | a|a d

040 ## - CATALOGING SOURCE

  • Original cataloging agency: OSt

100 ## - HEADING--PERSONAL NAME

  • Personal name: Sharma.S.C

Powered by Koha